| 000 | 00691 a2200181 4500 | ||
|---|---|---|---|
| 003 | Nust | ||
| 005 | 20170207152506.0 | ||
| 020 | _a070931763 | ||
| 040 | _cNust | ||
| 082 | _a604.2 | ||
| 100 | _aBoundy, A. W. | ||
| 245 |
_aEngineering drawing _cBoundy, A. W. |
||
| 260 |
_aNew York _bMcGraw-Hill _c1973c |
||
| 300 | _a221p, | ||
| 505 | _aIntroduction And Standards Information (Page-1),Geometrical Constructions (Page-41),Orthographic Projection (Page-67),Auxiliary Views (Page-107), Pictorial Drawing(Page-127), Working Drawing(Page-143),Drawing Analysis (Page-165),Developments And Intersections Of Solids (Page-177). | ||
| 538 | _aAlmirah No.28 Shelf No.1 | ||
| 650 | _aEngineering drawing | ||
| 942 |
_2ddc _cBK |
||
| 999 |
_c175546 _d175546 |
||